Discapacidad vs Empleo: aspectos a considerar para la inclusión en el empleo ordinario (Registro nro. 10989)

Detalles MARC
000 -Cabecera
Campo de control de longitud fija 00745nam a22002657a 4500
005 - Fecha y hora de la última transacción
Campo de control 20241129180308.0
008 - Elementos de longitud fija--Información general
Campo de control de longitud fija 180810b2016 xxu||||| |||| 00| 0 spa d
020 ## - International Standard Book Number
Número Internacional Estándar del Libro (ISBN) 9788490859254
041 ## - Idioma
Código de idioma Español
082 ## - Clasificación Decimal Dewey
Número de clasificación 346.013 M843d
100 ## - Entrada principal--Autor personal
Nombre personal Moreno Rodríguez, Ricardo
9 (RLIN) 49081
100 ## - Entrada principal--Autor personal
Nombre personal Sánchez Torres, Manuel
9 (RLIN) 49082
100 ## - Entrada principal--Autor personal
Nombre personal Díaz Vega, Miriam
9 (RLIN) 49057
245 ## - Título propiamente dicho
Título Discapacidad vs Empleo: aspectos a considerar para la inclusión en el empleo ordinario
260 ## - Pie de imprenta
Lugar de publicación, distribución, etc. España
260 ## - Pie de imprenta
Nombre del editor, distribuidor, etc. Dykinson
260 ## - Pie de imprenta
Fecha de publicación, distribución, etc. 2016
300 ## - Descripción física
Extensión 198 páginas
650 ## - Materia general
Temática (materia general) DISCAPACIDAD
650 ## - Materia general
Temática (materia general) ACCIÓN SOCIAL
650 ## - Materia general
Temática (materia general) INCLUSIÓN LABORAL
650 ## - Materia general
Temática (materia general) REFORMA LABORAL
650 ## - Materia general
Temática (materia general) INSERCIÓN LABORAL
942 ## - Punto de acceso adicional KOHA
Tipo de ítem KOHA Libro
Fuente del sistema de clasificación o colocación Dewey Decimal Classification
Existencias
Signatura completa Código de barras Tipo de ítem
346.013 M843d 23303 Libro